VSŽ už 40 ročné

Podrobná bibliografia
Médium: Článok
Jazyk:Slovak
Témy:
Zdroj: 1. Hutnícka ročenka SR 1999 1. Košice : Slovenská hutnícka spoločnosť, 1999 1. S. 4-6
LEADER 00734naa a2200289 a 4500
001 000030113
003 SVKKK
005 20071025135508.0
008 030616c xo e slo
FMT
038 |a SVKKK 
040 |a SVKKK  |b slo  |e AACR2 
041 0 |a slo 
044 |a xo  |c SK 
080 |a 669.1 VSŽ  |2 1981 
090 |a IV.183116 
245 0 0 |a VSŽ už 40 ročné 
610 2 4 |a Východoslovenské železiarne, a.s. (Košice, Slovensko) 
650 0 4 |a oceľ  |x výroba  |x export  |x analýzy 
773 0 |t Hutnícka ročenka SR 1999  |d Košice : Slovenská hutnícka spoločnosť, 1999  |g S. 4-6 
957 |a Košice 
958 |a KE 
974 |d 001220  |a MI 
992 |a RZB 
BAS
852 |a SVKKK  |b BIB 
998 |a HUT